Statistics for French Present Tense

Click here to take the quiz!

General Stats

  • This quiz has been taken 10 times
    (8 since last reset)
  • The average score is 8 of 14

Answer Stats

EnglishFrench% Correct
She is readingElle lit
67%
He is askingIl demande
67%
They are listeningIls écoutent
67%
I am drinkingJe bois
67%
I am doingJe fais
67%
We are studyingNous étudions
67%
We are swimmingNous nageons
67%
You are writingTu écris
67%
You are playingTu joues
67%
You (Plural) are goingVous allez
67%
They are runningIls courent
50%
You (Plural) are callingVous appelez
33%
She is talkingElle est en train de parler
0%
He is eatingIl est en train de manger
0%

Score Distribution

Percentile by Number Answered

Percent of People with Each Score

Your Score History

You have not taken this quiz since the last reset